| 000 | 00431nam a2200157 i 4500 | ||
|---|---|---|---|
| 001 | 40368 | ||
| 003 | ES-MaACL | ||
| 005 | 20230906160214.0 | ||
| 007 | t| | ||
| 008 | 030306s1903 sp ||||1| cat d | ||
| 100 | 1 |
_aCarner, Josep. _935366 |
|
| 245 | 1 | 2 |
_aL'idili des Nyanyos / _cJosep Carner. |
| 260 |
_aBarcelona : _b[s.n., _c1903] ( _fJ. Cunill) |
||
| 300 | _a46 p. | ||
| 852 |
_aES-MaACL _jD-813 |
||
| 999 |
_c40368 _d40368 |
||